| Поле | Инд. | ПП | Название | Значение |
|---|---|---|---|---|
| Тип записи | a | |||
| Библиографический уровень | a | |||
| 001 | Контрольный номер | AdmiBIBL00008858AdmiBIBL-1d43-4a | ||
| 005 | Дата корректировки | 20180409143950.6 | ||
| 008 | Кодируемые данные | 021114 | ||
| 040 | a | Служба первич. каталог. | НБ ТвГУ | |
| 041 | a | Код языка текста | rus | |
| 080 | a | Индекс УДК | 337.5:37(470.331) | |
| 091 | a | Индекс ББК (DOS) | Ч474(2РОС) | |
| 100 | 1_ | a | Автор | Кирьянова Е. Г. |
| 245 | 10 | a | Заглавие | Тверское епархиальное женское училище в системе среднего образования Твери |
| 650 | a | Основная рубрика | Образование | |
| 650 | a | Основная рубрика | История народного образования | |
| 650 | a | Основная рубрика | Училища епархиальные | |
| 650 | a | Основная рубрика | Тверь | |
| 653 | a | Ключевые слова | Духовное образование | |
| a | Ключевые слова | Епархиальные училища | ||
| a | Ключевые слова | История народного образования | ||
| a | Ключевые слова | Тверь | ||
| a | Ключевые слова | Труды Тверского государственного университета | ||
| 700 | 1_ | a | Другие авторы | Ильина Т. А. |
| e | Роль лиц | отв. ред. | ||
| 773 | w | Контрольный № источника | 7a3709a3-e160-4d5d-a363-a1b30b170704 | |
| t | Название источника | Традиции российской школы: история и современность: (К 130-летию Твер. земской женской учител. шк. им. П. П. Максимовича): Материалы юбил. науч.-метод. конф., 1 дек. 2000 г., Тверь | ||
| d | Место и дата издания | Тверь: ТвГУ, 2002. | ||
| g | Прочая информация | С. 41-56 | ||
| 852 | h | Классифик. часть индекса | Ч474(2РОС) | |
| i | Расстановочный признак | Т65 | ||
| 856 | u | URL | http://texts.lib.tversu.ru/texts2/0000789t.pdf | |
| x | Примечание для ЭОР | Реестр суммарного учета сетевых локальных документов | ||
| 901 | t | Тип документа | a | |
| 930 | a | Новая/Ретро | полный текст | |
| 999 | a | Подразделение 2 | ч.з. | |
| a | Подразделение 2 | аб. | ||
| a | Подразделение 2 | ОРК |